Paroles "Piano" de Gims ft Werenoi - Statistiques

Statistiques générales
  • Ce quiz a été pris 321 fois
    298 depuis la dernière actualisation
  • Le résultat moyen est 349 sur 496
Statistiques - réponses
Paroles % Correct
a
97%
à
97%
l'
96%
c'
93%
d'
93%
piano
93%
piano,
93%
t'
93%
le
92%
J'
90%
j'
90%
Y
90%
y
90%
m'
89%
on
89%
On
89%
qu'
87%
de
86%
je
85%
la
85%
que
85%
va
85%
Viano
85%
sur
84%
Bébé,
82%
aller
81%
pas
81%
es
80%
me
80%
te
80%
79%
Ou
79%
trop
79%
tu
79%
Tu
79%
un
78%
Et
77%
sors
77%
donc
76%
donc,
76%
sport
76%
sport,
76%
coupé
73%
dans
73%
ne
73%
mon
72%
nous
72%
nous,
72%
si
71%
œil
70%
pose
70%
vie
70%
suivre
69%
guitare
68%
Insta'
68%
juste
68%
sort
68%
follow
67%
plus
67%
chante
66%
fort
66%
peux
66%
questions,
66%
ai
65%
une
65%
ça
64%
Ça
64%
du
64%
meuf
64%
demande
63%
monde
63%
en
62%
est
62%
notre
62%
arrive
61%
bloqué
61%
hôtel
61%
croise
60%
Paris,
60%
train
58%
note
57%
note,
57%
comme
55%
mais
55%
ta
54%
bien
53%
caisse,
53%
caisse
53%
qui
53%
shit
53%
veux
53%
gras,
52%
celle
49%
full
49%
Il
49%
il
49%
pour
49%
télé
49%
coller
47%
mort
47%
équipe,
46%
montre
46%
rasta
46%
ton
46%
up
46%
pointe
45%
arrêt
44%
fan
43%
index
43%
Signe
43%
signe
43%
les
41%
nos
41%
sa
41%
toi
41%
quoi
40%
rafiot
40%
tout
40%
dégaine,
39%
as
38%
monstre
38%
mois,
37%
remonte
37%
retard,
37%
vies
37%
payer
36%
tenir
36%
sans
35%
tape
35%
té-ma
35%
vitre
35%
adresse
33%
pointent
33%
donne
32%
au
30%
des
30%
ex,
30%
ken
30%
sûrement
30%
tête
30%
fais
29%
vas
28%
vois
28%
Évidemment,
27%
mec
26%
oseille,
25%
tech'
25%
pec'
24%
sortir,
24%
veut
24%
Maximum
23%
loin
22%
soit
22%
taffes
22%
tcheck
22%
gueule
21%
tieks,
21%
dire,
20%
sons
20%
lève
19%
repère
19%
fumante
18%
vite,
18%
scred,
16%
to-ph',
15%
to-ph'
15%
grave
13%
gris,
13%
Beats,
10%
Cullinan
10%
Aucun quiz correspondant
Distribution des résultats
% des personnes avec chaque résultat
Percentile par nombre de réponses
Votre historique - résultats
Vous n’avez pas pris ce quiz depuis la dernière actualisation